00806nam a2200265Ia 4500001000900000003000500009005001700014008004100031010001100072040000900083082001500092100002900107245004200136250004400178264000900222300001700231650002400248650003100272901001500303902000600318905006300324942001500387999001900402952011900421dia_1382CHAP20230131110813.0220117s9999 xx 000 0 und d a171928 cCHAP a581.192 D7 aDraper, Semon R.9150655 aBiochemical, Analisys in Crop Science aGreat Britain, Oxford University Press. c1976 a130 p. ilus. aCitología.923489 aQuímica vegetal. 993602 a581.192 D7 aM a0000001976 EU 0000000000ING00 cLIBRO2ddc c171928d171928 00102ddc40708GRALaIA_bIA_d2022-01-18f1l0o581.192 D7pdia_1724r2022-01-18 00:00:00t1w2022-01-18yLIBRO